| 000 | 00454nam a2200145 4500 | ||
|---|---|---|---|
| 008 | 708 F676v | ||
| 020 | _a9788560370092 | ||
| 082 |
_a708 _bF676v |
||
| 100 |
_aFonseca, Raphael _97235 |
||
| 245 |
_aVaivem: _bTo-and-Fro |
||
| 260 |
_aBrasil _bCentro Cultural Banco do Brasil _c2019 |
||
| 300 |
_a320 p. _bil. (col) _c27,5 x 21,5 cm |
||
| 650 |
_xarte contemporáneo _xarte - iconografía _xarte - hamacas _xarte - Brasil _97236 |
||
| 700 |
_aFonseca, Ludimilla _97237 |
||
| 999 |
_c1869 _d1869 |
||